Sorpcia metylénovej modrej sklenými vláknami

Enregistré dans:
Détails bibliographiques
Auteur principal: Spišiak, Milan (Auteur)
Autres auteurs: Soldán, Maroš (Directeur de thèse)
Format: Manuscrit Livre
Langue:slovaque
Publié: 2017
Sujets:
Accès en ligne:http://is.stuba.sk/zp/portal_zp.pl?podrobnosti=126247
Tags: Ajouter un tag
Pas de tags, Soyez le premier à ajouter un tag!

MARC

LEADER 00000ntm a22000003a 4500
001 stuzp63816
003 SK-STU
005 20170603210748.3
007 ta
008 150427s2015----xo-----f-mn---000-0-slo-d
040 |a STU  |b slo 
041 0 |a slo 
100 1 |a Spišiak, Milan  |u 065000  |k Z4  |4 aut  |U MTF Materiálovotechnologická fakulta  |T MTF Ústav integrovanej bezpečnosti  |X 46888  |U M5000  |Y 85  |7 46888 
242 0 1 |a Sorption of methylene blue by glass fibers  |y eng 
245 1 0 |a Sorpcia metylénovej modrej sklenými vláknami 
260 |c 2017 
650 4 |a adsorbent  |2 slo 
650 4 |a adsorpcia  |2 slo 
650 4 |a lúženec  |2 slo 
650 4 |a adsorbents  |2 eng 
650 4 |a adsorption  |2 eng 
650 4 |a Black nickel mud  |2 eng 
700 1 |a Soldán, Maroš  |u 065100  |k Z1  |4 ths  |U MTF Ústav integrovanej bezpečnosti  |T MTF Katedra environmentálneho inžinierstva  |X 2878  |U M5100  |Y 194  |7 A000002878 
856 4 |u http://is.stuba.sk/zp/portal_zp.pl?podrobnosti=126247 
996 |c M* DP-13171  |l MMSKP  |s P  |a 0  |w stuzp63816_0001